Biomes by Picture - Statistics

General Stats
  • This quiz has been taken 626 times
  • The average score is 8 of 12
Answer Stats
Picture Hint Answer % Correct
d Desert
98%
r Rainforest
90%
t Tundra
84%
s Savanna
81%
c Coral Reef
74%
p Polar
69%
m Marsh
58%
d {Deciduous} Forest
53%
t Taiga
52%
c {Coniferous} Forest
49%
p Prairie
46%
s Shrubland
22%
No matching quizzes found
Score Distribution
Percent of People with Each Score
Percentile by Number Answered
Your Score History
You have not taken this quiz